01718cam a22002655a 45000010009000000050017000090080041000260200025000670400033000920820020001251000029001452450051001742600042002253000030002674900030002975000029003275000026003565040033003825200812004156500036012276530021012639420008012849990017012929520143013091692659220160412133637.0110818s2012 enka frbd 001 0 eng d a9781405193184 (pbk.) aDLCcDLCdDLCdEG-ScBUEbeng04a306.44222bVAN1 aVan Herk, Gerard.93980810aWhat is sociolinguistics ? /cGerard Van Herk. aChichester :bWiley-Blackwell,c2012. axv, 243 :bill. ;c26 cm.0 aLinguistics in the world. aGlossary : p. [197]-212. aIndex : p. [229]-243. aBibliography : p. [213]-228. a"What is Sociolinguistics? is a tour through the major issues that define the field, such as region, status, gender, time, language attitudes, interaction, and style, while also exploring the sociolinguistics of multilingualism, culture and ethnicity, language contact, and education, all introduced with excitement, humor, and deep knowledge. Explores the sociolinguistics of multilingualism, culture and ethnicity, language contact, and education Provides useful and clear learning features including numerous innovative exercises and project ideas, spotlighted research readings, glossary terms, chapter summaries, and text boxes Features a companion website offering PowerPoint slides for instructors and sample answers to questions, as well as links for further study. www.wiley.com/go/vanherk"-- 7aSociolinguistics.2BUEsh939810 bEEENGcApril2016 2ddc c21612d21584 00102ddc40708Modern A. aMAINbMAINc1STd2016-04-12ePurchaseg251.50h229l0o306.44 VANp000032342r2025-07-15 00:00:00v314.50yBB